000 00844nam a2200229 i 4500
001 100966
003 ES-MaACL
005 20260126133617.0
007 t|
008 051010s1931 fr ||||1| fre d
100 1 _aMauriac, François,
_d1885-1970
_979251
245 1 0 _aRené Bazin
_b: fauteuil XXX /
_cpar François Mauriac ; suivi de Pages inédites / [par René Bazin], et de l'histoire du XXXe fauteuil / par Jacques des Gachons.
260 _aParis :
_bFélix Alcan,
_c1931.
300 _a96 p., 2 h. con 1 ret. ;
_c19 cm.
490 1 _aLes Quarante ;
_vfauteuil 30
600 1 4 _aBazin, René,
_d1853-1932
_926752
610 0 4 _aAcadémie française-
_vHistoria
_91234
700 1 _aDes Gachons, Jacques.
_943811
830 0 _aLes Quarante ;
_vfauteuil 30
_9184582
852 _aES-MaACL
_jC-6876
999 _c100966
_d100966